00362pam a2200145Ii 4500020001500000020001500015040000800030082002600038100001600064245002400080300004500104650003300149700001500182700001900197 a0830675779 a0830635777 cDLC00a005 INT 1990 C147 Or.1 aBrumm, Penn10a80486 programming / axii, 496 pages :billustrations ;c25 cm 0aIntel 80486 (Microprocessor)1 aBrumm, Don1 aScanlon, Leo J